Pri uzatváraní Dunajca aj guľáš aj goralská muzika

Podrobná bibliografia
Médium: Článok
Jazyk:slovenčina
Predmet:

MARC

LEADER 00000nab a2200000 a 4500
001 vtls001021610
003 SK-MaSNL
005 20260305033446.0
008 040720e19931011xo 0 slo
035 |a SL208 
040 |a SLLK  |b slo  |c SLLK  |e AACR2 
041 0 |a slo 
044 |a xo  |c SK 
080 |a 338.48  |2 1981 
080 |a 656.62  |2 1981 
245 0 0 |a Pri uzatváraní Dunajca  |b aj guľáš aj goralská muzika  |c [autor] SV-bi 
650 0 7 |a pltníctvo  |2 SLLK  |9 31496 
650 0 7 |a splavovanie  |2 SLLK  |9 840922 
650 0 7 |a ukončenie sezóny  |2 SLLK  |9 1225397 
651 7 |a Dunajec (Poľsko a Slovensko : rieka)  |2 SLLK  |9 31516 
651 7 |a Stará Ľubovňa (Slovensko : okres)  |2 snkbucl  |9 19196 
773 0 8 |t Slovenský východ  |g Roč. 3  |g Roč. 22, č.237, 11.10.1993, s. 1 
852 |a ZVYKNI  |b KIS3GCP 
999 |c 3324410  |d 3326340